Catálogo
Digital

Catálogo
Digital

Ecuador Debate N°89. Nuevas Luchas Sociales: La Protesta (Record no. 13518)

MARC details
000 -CABECERA
campo de control de longitud fija 01985nam a2200409 4500
003 - IDENTIFICADOR DEL NÚMERO DE CONTROL
campo de control EC-UNACH
005 - FECHA Y HORA DE LA ÚLTIMA TRANSACCIÓN
campo de control 20250522123556.0
006 - CÓDIGOS DE INFORMACIÓN DE LONGITUD FIJA--CARACTERÍSTICAS DEL MATERIAL ADICIONAL
campo de control de longitud fija s||||gr|||| 00| 00
008 - DATOS DE LONGITUD FIJA--INFORMACIÓN GENERAL
campo de control de longitud fija 150116t9999 mx r gr 000 0 spa d
020 ## - NÚMERO INTERNACIONAL ESTÁNDAR DEL LIBRO
Número Internacional Estándar del Libro 10121498
040 ## - FUENTE DE LA CATALOGACIÓN
Centro catalogador/agencia de origen EC-UNACH
Centro/agencia transcriptor EC-UNACH
041 ## - CÓDIGO DE LENGUA
Código de lengua del texto/banda sonora o título independiente spa
082 04 - NÚMERO DE LA CLASIFICACIÓN DECIMAL DEWEY
Número de edición 23
Número de clasificación 300
Número de documento/Ítem L017740
110 ## - ENTRADA PRINCIPAL--NOMBRE DE ENTIDAD CORPORATIVA
Nombre de entidad corporativa o nombre de jurisdicción como elemento de entrada Centro Andino de Acción Popular (CAAP)
245 ## - MENCIÓN DE TÍTULO
Título Ecuador Debate N°89. Nuevas Luchas Sociales: La Protesta
250 ## - MENCIÓN DE EDICIÓN
Mención de edición Primera edición
264 ## - Producción, publicación, distribución, fabricación y copyright
Lugar de producción, publicación, distribución, fabricación Quito – Ecuador
Nombre del de productor, editor, distribuidor, fabricante CAAP
Fecha de de producción, publicación, distribución, fabricación o copyright 2013
300 ## - DESCRIPCIÓN FÍSICA
Extensión 178 páginas
Otras características físicas Tablas, Gráficos
Dimensiones 14,5 X 21 cm
505 ## - NOTA DE CONTENIDO CON FORMATO
Nota de contenido con formato Diálogo sobre la coyuntura: ejes y contornos de un régimen disciplinario. Conflictividad socio-política: marzo - junio 2013. Las movilizaciones de protesta: nueva forma de lucha social. Un mundo en efervescencia política. Obstáculos a la democracia luego de las Nuevas Revoluciones árabes. Movilizaciones y protestas estudiantiles y sociales en Chile. España: de los impactos de la crisis a las movilizaciones de protesta. La asociación lechera, ¿Desarrollo local o subordinación productiva? El caso de la comunidad La Chimba, Cayambe.¿Punto y final del partido indígena? Análisis desde las elecciones ecuatorianas del 2013.La indiferencia ante los derechos humanos y la educación moderna en un régimen populista. La ideología de la descolonización en Bolivia.
650 ## - PUNTO DE ACCESO ADICIONAL DE MATERIA--TÉRMINO DE MATERIA
Término de materia o nombre geográfico como elemento inicial DESARROLLO LOCAL
650 ## - PUNTO DE ACCESO ADICIONAL DE MATERIA--TÉRMINO DE MATERIA
Término de materia o nombre geográfico como elemento inicial SUBORDINACIÓN PRODUCTIVA
650 ## - PUNTO DE ACCESO ADICIONAL DE MATERIA--TÉRMINO DE MATERIA
Término de materia o nombre geográfico como elemento inicial COMUNIDAD LA CHIMBA
650 ## - PUNTO DE ACCESO ADICIONAL DE MATERIA--TÉRMINO DE MATERIA
Término de materia o nombre geográfico como elemento inicial PARTIDO INDÍGENA
650 ## - PUNTO DE ACCESO ADICIONAL DE MATERIA--TÉRMINO DE MATERIA
Término de materia o nombre geográfico como elemento inicial DESCOLONIZACIÓN EN BOLIVIA
650 ## - PUNTO DE ACCESO ADICIONAL DE MATERIA--TÉRMINO DE MATERIA
Término de materia o nombre geográfico como elemento inicial RÉGIMEN POPULISTA
700 ## - PUNTO DE ACCESO ADICIONAL--NOMBRE DE PERSONA
Nombre de persona Ogien, Albert
700 ## - PUNTO DE ACCESO ADICIONAL--NOMBRE DE PERSONA
Nombre de persona Alaminos, Antonio
700 ## - PUNTO DE ACCESO ADICIONAL--NOMBRE DE PERSONA
Nombre de persona Cabrero, Ferran
700 ## - PUNTO DE ACCESO ADICIONAL--NOMBRE DE PERSONA
Nombre de persona Khosrokhavar, Farhad
700 ## - PUNTO DE ACCESO ADICIONAL--NOMBRE DE PERSONA
Nombre de persona Contreras Véliz, José Lino
942 ## - ELEMENTOS DE PUNTO DE ACCESO ADICIONAL (KOHA)
Fuente del sistema de clasificación o colocación Clasificación Decimal Dewey
Tipo de ítem Koha Libros
999 ## - NÚMEROS DE CONTROL DE SISTEMA (KOHA)
Koha biblionumber 13518
Holdings
Estado de pérdida Fuente del sistema de clasificación o colocación Estado dañado No para préstamo Localización permanente Ubicación/localización actual Ubicación en estantería Fecha de adquisición Fuente de adquisición Número de inventario Total de préstamos Signatura topográfica completa Código de barras Fecha visto por última vez Precio válido a partir de Tipo de ítem Koha Centro de costos
  Clasificación Decimal Dewey     Biblioteca Campus Norte Biblioteca Campus Norte Facultad de Ciencias Políticas y Administrativas - Generalidades 15/04/2025 Donación CAAP 39686971   300 CEN L017740 L017740 15/04/2025 15/04/2025 Libros  

Powered by Koha